Central Library OPAC University of Rajshahi

The diplomacy of economic development / (Record no. 4591)

MARC details
000 -LEADER
fixed length control field 00973cam a2200289 a 4500
001 - CONTROL NUMBER
control field 4591
003 - CONTROL NUMBER IDENTIFIER
rucl marc code BD-RjUL
005 - DATE AND TIME OF LATEST TRANSACTION
control field 20211208233923.0
008 - FIXED-LENGTH DATA ELEMENTS--GENERAL INFORMATION
fixed length control field 131223s19631962nyu 001 0 eng d
035 ## - SYSTEM CONTROL NUMBER
System control number (BD-RjUL)4626
040 ## - CATALOGING SOURCE
Original cataloging agency BD-RjUL
Language of cataloging eng
Transcribing agency BD-RjUL
041 ## - LANGUAGE CODE
Language code of text/sound track or separate title eng
082 00 - DEWEY DECIMAL CLASSIFICATION NUMBER
Classification number 338.911724
Edition number 18
Classification number 338.911724
Edition number 18
Author mark and year BLD 1963
100 1# - MAIN ENTRY--PERSONAL NAME
Personal name Black, Eugene R.
Fuller form of name (Eugene Robert),
Dates associated with a name 1898-1992.
9 (RLIN) 14490
245 14 - TITLE STATEMENT
Title The diplomacy of economic development /
Statement of responsibility, etc. Eugene R. Black
260 ## - PUBLICATION, DISTRIBUTION, ETC. (IMPRINT)
Place of publication, distribution, etc. Cambridge, Mass :
Name of publisher, distributor, etc. Harvard University Press,
Date of publication, distribution, etc. c1963.
300 ## - PHYSICAL DESCRIPTION
Pagination 74 p. ;
Size 22 cm.
490 0# - SERIES STATEMENT
Series statement William L. Clayton lectures on international economic affairs and foreign policy
504 ## - BIBLIOGRAPHY, ETC. NOTE
Bibliography, etc Includes index.
650 1# - SUBJECT ADDED ENTRY--TOPICAL TERM
Topical term or geographic name as entry element Economic development.
9 (RLIN) 14491
710 2# - ADDED ENTRY--CORPORATE NAME
Corporate name or jurisdiction name as entry element Fletcher School of Law and Diplomacy.
9 (RLIN) 14492
Corporate name or jurisdiction name as entry element William L. Clayton Center for International Economic Affairs.
9 (RLIN) 14493
942 ## - ADDED ENTRY ELEMENTS (KOHA)
Source of classification or shelving scheme Dewey Decimal Classification
Koha item type Books
Holdings
Lost status Source of classification or shelving scheme Damaged status Not for loan Collection code Permanent Location Current Location Shelving location Date acquired Source of acquisition Cost, normal purchase price Total Checkouts Full call number Date last seen Copy number Koha item type
  Dewey Decimal Classification     Non-fiction Central Library, University of Rajshahi Central Library, University of Rajshahi   11/11/1665 Zitlinger 10.00   338.91 BLD 1963 23/12/2013 C-2 Books